Quá trình hình thành và phát triển pháp luật về sở hữu ở Việt Nam
Trình bày tương đối có hệ thống quá trình hình thành và phát triển pháp luật về cơ hữu ở Việt Nam từ thời dựng nước đến nay
Đã lưu trong:
| Tác giả chính: | |
|---|---|
| Định dạng: | Sách |
| Năm xuất bản: |
H.
CTQG
1998
|
| Chủ đề: | |
| Tags: |
Thêm thẻ
Không có thẻ, Hãy là người đầu tiên gắn thẻ bản ghi này!
|
| LEADER | 01446nam a2200229 4500 | ||
|---|---|---|---|
| 082 | |a 346.5970432 |b NG527H | ||
| 100 | |a Nguyễn Huy Anh | ||
| 245 | |a Quá trình hình thành và phát triển pháp luật về sở hữu ở Việt Nam |c Nguyễn Huy Anh | ||
| 260 | |a H. |b CTQG |c 1998 | ||
| 300 | |a 141 tr. |c 19 cm | ||
| 520 | |a Trình bày tương đối có hệ thống quá trình hình thành và phát triển pháp luật về cơ hữu ở Việt Nam từ thời dựng nước đến nay | ||
| 653 | |a Pháp luật | ||
| 653 | |a Việt Nam | ||
| 653 | |a sở hữu | ||
| 653 | |a lịch sử | ||
| 942 | |2 ddc |c STK0 | ||
| 999 | |c 9912 |d 9912 | ||
| 952 | |0 0 |1 0 |2 ddc |4 0 |6 346_597043200000000_NG527H |7 0 |8 300 |9 78033 |a qbu |b qbu |c D2 |d 2015-07-01 |g 10500 |o 346.5970432 NG527H |p 9778.c1 |r 0000-00-00 |w 2015-07-01 |y STK0 | ||
| 952 | |0 0 |1 0 |2 ddc |4 0 |6 346_597043200000000_NG527H |7 0 |8 300 |9 78034 |a qbu |b qbu |c D2 |d 2015-07-01 |g 10500 |o 346.5970432 NG527H |p 9778.c2 |r 0000-00-00 |w 2015-07-01 |y STK0 | ||
| 952 | |0 0 |1 0 |2 ddc |4 0 |6 346_597043200000000_NG527H |7 0 |8 300 |9 78035 |a qbu |b qbu |c D2 |d 2015-07-01 |g 10500 |o 346.5970432 NG527H |p 9778.c3 |r 0000-00-00 |w 2015-07-01 |y STK0 | ||
| 952 | |0 0 |1 0 |2 ddc |4 0 |6 346_597043200000000_NG527H |7 0 |8 300 |9 78036 |a qbu |b qbu |c D2 |d 2015-07-01 |g 10500 |o 346.5970432 NG527H |p 9778.c4 |r 0000-00-00 |w 2015-07-01 |y STK0 | ||
| 952 | |0 0 |1 0 |2 ddc |4 0 |6 346_597043200000000_NG527H |7 0 |8 300 |9 78037 |a qbu |b qbu |c D2 |d 2015-07-01 |g 10500 |o 346.5970432 NG527H |p 9778.c5 |r 0000-00-00 |w 2015-07-01 |y STK0 | ||